Adventurous film making /

Bibliographic Details
Main Author: Beal, J. David (John David)
Format: Book
Language:English
Published: London : New York : Focal Press ; Focal/Hastings House, 1980.
Edition:1st ed.
Subjects:

MARC

Tag First Indicator Second Indicator Subfields
LEADER 00000cam a2200000 a 4500
001 in00000074719
005 20151008054745.0
008 800917s1980 enkaf 00110 eng d
020 |a 0803804814 
035 |a (OCoLC)06722253 
035 |9 AAJ1590AM 
040 |a OAC  |c OAC  |d TXA  |d UtOrBLW 
049 |a TXAM  |c [1804315] 
090 |a TR850  |b .B42 
100 1 |a Beal, J. David  |q (John David) 
245 1 0 |a Adventurous film making /  |c J. David Beal. 
250 |a 1st ed. 
264 1 |a London :  |b Focal Press ;  |a New York :  |b Focal/Hastings House,  |c 1980. 
300 |a viii, 269 pages, 16 unnumbered pages of plates :  |b illustrations ;  |c 22 cm. 
336 |a text  |b txt  |2 rdacontent 
337 |a unmediated  |b n  |2 rdamedia 
338 |a volume  |b nc  |2 rdacarrier 
500 |a Includes index. 
650 0 |a Cinematography. 
999 |a MARS 
999 f f |s dea3f0e3-eef3-347f-a4cb-d1ba104b354f  |i 6e434d86-f0b1-39e0-8f60-bdfde56b0f3a  |t 0 
952 f f |p ric  |a Texas A&M University  |b Rellis Campus  |c Joint Library Facility  |d Remote Storage  |t 0  |e TR850 .B42  |h Library of Congress classification  |i unmediated -- volume  |m A14806258470 
998 f f |a TR850 .B42  |t 0  |l Remote Storage